| 000 | 00911nam a2200205Ii 4500 | ||
|---|---|---|---|
| 003 | JO-AjNU | ||
| 008 | 230605s9999||||xx |||||||||||||| ||und|| | ||
| 040 |
_aJO-AjNU _bara _erda _cJO-AjNU |
||
| 041 | _aara | ||
| 050 | 1 | 4 | _aKRM850.K437 1900 |
| 100 | 3 |
_aخطاب، طلبة وهبة, _eauthor _946828 |
|
| 245 | 0 | 0 | _aالمسئولية المدنية لناقل الأشخاص بالمجان " دراسة قضائية مقارنة " |
| 250 | _a(د،ط) | ||
| 264 | 3 | 1 | _aالقاهرة : دار الفكر العربي، 1900 |
| 300 |
_a464ص _bيشتمل على ببلوغرافية ص (449 -464 ) |
||
| 336 |
_atext _btxt _2rdacontent |
||
| 337 |
_aunmediated _bn _2rdamedia |
||
| 338 |
_avolume _bnc _2rdacarrier |
||
| 650 | 4 |
_aالمسئولية المدنية -- مصر-- المرور -- قوانين وتشريعات -- مصر-- حوادث المرور -- قوانين وتشريعات -- مصر _946829 |
|
| 999 |
_aA20400 _c23968 _d23968 |
||